| 000 | 00336nam a2200109Ia 4500 | ||
|---|---|---|---|
| 008 | 220204s9999 xx 000 0 und d | ||
| 020 | _a9843115503 | ||
| 082 |
_a631:37SAA _bSAI |
||
| 245 | 0 | _aAgricultural research and extension systems in SAARC countries | |
| 260 |
_aBangladesh _bSAARC Agricultural Information Centre _c2001 |
||
| 942 | _cBK | ||
| 999 |
_c44011 _d44011 |
||